Sovereign spread and its measurement

Salvato in:
Dettagli Bibliografici
Autore principale: Gertler, Ľubomíra, 1977-
Natura: Capitolo di libro
Lingua:inglese
Tags: Aggiungi Tag
Nessun Tag, puoi essere il primo ad aggiungerne!!

MARC

LEADER 00000naa$a2200000$$$4500
001 0185724
005 20240502083438.2
041 0 |a eng 
044 |a CZ 
245 1 0 |a Sovereign spread and its measurement  |c Ľubomíra Gertler 
100 1 |a Gertler, Ľubomíra, 1977-